000 00563nam a22001817a 4500
005 20231102072024.0
008 231102b |||||||| |||| 00| 0 eng d
020 _a0702115282
041 _aEnglish
082 _a346.6 LEW
100 _aLewin, A
_lEnglish
245 _aThe Law, Procedure and Conduct of Meetings in South Africa /
_cA Lewin
250 _aFifth Edition
260 _aCape Town :
_bJuta and Company Ltd,
_c1985
300 _bxxii, 280 pages ;
_c25, 5 cm.
650 _aLegal practice
_bLaw
942 _cBK
_6ALISON_BN_VRIES
999 _c241
_d241